The ten chromosomes of maize

Đã lưu trong:
Sonraí Bibleagrafaíochta
Formáid: Leabhar
Teanga:Undetermined
Foilsithe: Illinois De Kalb Agricultural Association, Inc 1965
Ábhair:
Clibeanna: Cuir Clib Leis
Gan Chlibeanna, Bí ar an gcéad duine leis an taifead seo a chlibeáil!
Thư viện lưu trữ: Trung tâm Học liệu Trường Đại học Cần Thơ
LEADER 00454nam a2200157Ia 4500
001 CTU_30027
008 210402s9999 xx 000 0 und d
082 |a 581.87322 
082 |b D278 
245 4 |a The ten chromosomes of maize 
260 |a Illinois 
260 |b De Kalb Agricultural Association, Inc 
260 |c 1965 
650 |a corn - breeding,plant breeding 
904 |i Liên, 990129 
980 |a Trung tâm Học liệu Trường Đại học Cần Thơ